000 00300nam a22001337a 4500
008 170227b xxu||||| |||| 00| 0 eng d
020 _a10423680
041 _aeng
080 _a617
100 _a5
101 _aSHK
245 _aNEUROSURGERY CLINICAL OF NORTH AMERICA
_cSTEIN, B.M
942 _2udc
_cBK
999 _c6296
_d6296